| 000 | 00526nam a22001817a 4500 | ||
|---|---|---|---|
| 008 | 170204s2010 gt||||| |||| 00| 0 spa d | ||
| 082 | 0 | 4 |
_a861 _bM358c |
| 100 | 1 |
_aMarré, Alejandro. _95558 |
|
| 245 | 1 | 0 |
_aCentury gothic : _bPunto 10 / _cAlejandro Marré. |
| 250 | _a1a ed. | ||
| 260 |
_aGuatemala : _bVueltegato Editores, _c2010. |
||
| 300 |
_a45 p. _bil. |
||
| 440 | 0 |
_aColección Miau _v2 _95720 |
|
| 653 | 1 | 0 | _aLiteratura |
| 653 | 1 | 0 | _aPoesía - Guatemala |
| 653 | 1 | 0 | _aArte - Poesía |
| 653 | 1 | 0 | _aLiteratura Latinoamericana |
| 999 |
_c1136 _d1136 |
||